Linia kolejowa nr 292 - posterunki i przystanki - Statystyki

Ogólne statystyki
  • Ten quiz został rozwiązany 8 razy
  • Średni wynik to 12 z 17
Statystyki odpowiedzi
Rodzaj punktu Linie
kolejowe
Nazwa punktu % Poprawnych
Przystanek osobowyi posterunek odgałęźny 277, 292 Jelcz Miłoszyce
100%
Stacja 271, 292 Wrocław Osobowice
100%
Posterunekodgałęźny (nieczynny) 292, 762 Wrocław Osobowice WO2
100%
Przystanek osobowy 292 Wrocław Kowale
83%
Przystanek osobowy 292 Wrocław Popiele
83%
Stacja 143, 292 Wrocław Sołtysowice
83%
Stacja 292 Wrocław Swojczyce
83%
Przystanek osobowy 292 Wrocław Wojnów
83%
Przystanek osobowy 292 Wrocław Wojnów Wschodni
83%
Mijanka 292 Dobrzykowice Wrocławskie
67%
Przystanek osobowy 292 Wrocław Strachocin
67%
Przystanek osobowy 292 Chrząstawa Mała
50%
Przystanek osobowy 292 Nadolice Małe
50%
Przystanek osobowy 292 Nadolice Wielkie
50%
Posterunekosłonny (zlikwidowany) 292 Poświętne
50%
Przystanek osobowy(zlikwidowany) 292 Chrząstawa Wielka
33%
Posterunekbocznicowy (zlikwidowany) 292 Wrocław Różanka
33%
Nie znaleziono quizów pasujących do podanych kryteriów
Rozkład punktacji
Procent ludzi z każdym wynikiem
Percentyl według liczby udzielonych odpowiedzi
Twoja historia wyników
Nie rozwiązałeś tego quizu